000 00646cam a22002052 4500
001 0000001147
005 20151217155807.0
008 070227s xx 000 0 eng d
040 _aKABU
_cKABU
050 0 _aG246
_b.B8B87
100 1 _aBurton, Isabel.
_@0000149697
245 1 4 _aThe Life of Captain Sir Richard F. Burton /
_cIsabel Burton.
260 _aLondon :
_bChapman & Hall,
_c1893.
300 _a2 v.
600 1 0 _aBurton, Richard Francis, Sir.
_@0000149698
908 _a070227
950 _@1
999 _c12499
_d12499